000 00788nam a2200229 u 4500
005 20250312063755.0
008 190607s2013 mx r 000 0 spa d
020 _a9786074862447
035 _aUPN01000231112
049 _aCG
050 4 _aF1286
_bV5.2
100 1 _aVillacorta López, Mercedes
_943087
245 1 3 _aLa disputa por el templo :
_bpolítica, religión y etnicidad en un municipio del norte de Guerrero /
_cMercedes Villacorta López.
260 _aMéxico :
_bCIESAS,
_c2013.
300 _a223 p. :
_bmapas
440 0 _aAntropologías, historias, lenguajes, sociologías
651 4 _aGuerrero
_xPolítica y gobierno
_919692
650 2 _aPartidos políticos
_zMéxico
_99992
650 4 _aIglesia y Estado
_zMéxico
_917667
905 _aLibro
999 _c203207
_d203207